| 000 | 00953cam a2200253 4500 | ||
|---|---|---|---|
| 008 | 000000n2001 000 0 eng u | ||
| 020 | _a0419232907 | ||
| 035 | _a(Sirsi) u108468 | ||
| 100 |
_aPickard, Robert _xeditor |
||
| 245 | _aManagement of historic centres. | ||
| 260 |
_aLondon _bSpon Press _c2001 |
||
| 300 | _axiv. 294p ; 25cm. | ||
| 350 | _a35.00 | ||
| 520 | _aThis publication examines key themes for the management of historic urban centres within a representative sample of centres in different European countries. Issues covered include; Policy and planning, regeneration, tourism, environment, and sustainability. | ||
| 650 | _aCONSERVATION AREAS | ||
| 650 | _aHISTORIC CITIES | ||
| 650 |
_aEnvironment _96238 |
||
| 650 | _aTOURISM | ||
| 650 |
_aBUILDING CONTROL _96222 |
||
| 650 | _aPLANNING | ||
| 650 | _aEUROPE | ||
| 690 | _aBUILT ENVIRONMENT-BUILDING MAINTENANCE AND REFURBISHMENT-BUILDING CONSERVATION | ||
| 942 | _n0 | ||
| 999 |
_c100799 _d100799 |
||